000 00380nam a22001577a 4500
003 dpl
005 20230828122049.0
008 230828b |||||||| |||| 00| 0 eng d
040 _c-
082 _a621-BAS
100 _a-
_955393
245 _aBasic Computer Notes (Booklet)
_hEnglish
260 _aA.I.C.B.
_bDelhi
_cRohini
300 _a12x13
_f1
942 _2ddc
_cBRLEN
_k621
_mBAS
999 _c197581
_d197581